Science Quiz

Random Science Quiz
Score 0/45 Timer 10:00
0 Plays Today
Hint Answer % Correct
What is normal temp (F)98.6
80.4%
Temperature considered a fever (F)100
78.6%
Name of pulse we normally takeRadial
71.4%
What is pulse over 100 bpm calledTachycardia
67.9%
Contraction phase of blood pressuresystolic
67.9%
Relaxation phase of blood pressurediastolic
67.9%
Most accurate form of taking a temperatureRectal
66.1%
What is pulse under 60 pbm calledBradycardia
66.1%
Artery you use to take blood pressureBrachial
64.3%
Term for underneath the tongueSublingual
60.7%
When someone is breathing too fastTachypnea
60.7%
When a person's respiration is slowBradypnea
57.1%
Normal respirations ( ____ to ____ respirations per minute)12 20
48.9%
Bidtwice a day
48.2%
-pneabreathing
47.3%
-ologystudy of
46.4%
SOBshortness of breath
44.6%
p.o.by mouth
42.9%
Dxdiagnosis
42.9%
-itisinflammation
42.9%
Normal pulse ( ____ to ____ bpm)60 100
42.6%
Txtreatment
39.3%
-algiapain
39.3%
Hint Answer % Correct
SQsubcutaneous
33.9%
Sxsymptoms
33.9%
CBCcomplete blood count
33.9%
Hgbhemoglobin
33.9%
INJinjection
33.9%
Normal range for respiration in bpm ( ___ to ___ )15 20
32.1%
STATimmediately
32.1%
IMintramuscular
32.1%
CHFcongestive heart failure
30.4%
neuro-nerve
30.4%
When is b/p considered hypertension ( ____ / ____ )140 90
28.6%
F/Ufollow up
28.6%
HCThematocrit
26.8%
NPnurse practitioner
25%
When is b/p considered hypotension ( ____ / ____ )90 60
23.2%
Pmpast medical
16.1%
HMOhealth maintenance organization
16.1%
NSno show
16.1%
C&Ccalled and cancelled
12.5%
RSreschedule
12.5%
IDinfectious disease
10.7%
PPOpreferred provider organization
10.7%

You're not logged in!

Compare scores with friends on all Sporcle quizzes.
OR
Log In

Sporcle TV

Today on Sporcle TV


Watch our educational content, quiz creation guides, and fun videos on Sporcle TV.

Show Comments

Extras

Created Oct 17, 2013ReportNominate
Tags:sign, test, vital

Top Quizzes Today


Score Distribution

Paid Content

Your Account Isn't Verified!

In order to create a playlist on Sporcle, you need to verify the email address you used during registration. Go to your Sporcle Settings to finish the process.

Report this User

Report this user for behavior that violates our Community Guidelines.

Details: